000
00193 a2200097 4500
001
28475
100
_a
Lewis,
245
_a
Development Planing
260
_a
_b
Unwin
_c
090
_c
19084
_d
19084
942
_a
NUST-CAE
_c
M
_c
10096
999
_c
263548
_d
263548